'S' 'A' 'T' Vocab Words Quiz Stats

 Plays Quiz Updated Apr 4, 2018

Challenge
Share
Tweet
Embed
Score 0/30 Timer 06:00
0 Plays Today
% Correct
Sobriety
81.8%
Antiseptic
76.2%
Antithesis
75.4%
Arboreal
74.2%
Tome
72.8%
Sanctimonious
70.4%
Subjugate
69.6%
Abscond
69.2%
Trepidation
67.3%
Serendipity
62.2%
Antediluvian
61.2%
Aberration
54.8%
Swarthy
54.8%
Toady
52.4%
Trite
51.5%
% Correct
Acumen
49.4%
Surreptitious
43%
Arcane
41.6%
Stolid
40.7%
Sanguine
39.5%
Alacrity
38.9%
Truculent
36.1%
Tangential
35.6%
Spurious
35.4%
Torpid
32.2%
Travesty
24.2%
Scurrilous
19.7%
Apocryphal
19.5%
Turpitude
17.8%
Trenchant
15.1%

You're not logged in!

Compare scores with friends on all Sporcle quizzes.
OR
Log In

You Might Also Like...

Show Comments

Extras

Top Quizzes Today


Score Distribution

Your Account Isn't Verified!

In order to create a playlist on Sporcle, you need to verify the email address you used during registration. Go to your Sporcle Settings to finish the process.

Report this User

Report this user for behavior that violates our Community Guidelines.

Details: